| 000 | 01200nam a22002897a 4500 | ||
|---|---|---|---|
| 001 | 486 | ||
| 003 | OSt | ||
| 005 | 20250903154704.0 | ||
| 008 | 250903b |||||||| |||| 00| 0 eng d | ||
| 040 | _bpor | ||
| 041 | _hpor | ||
| 082 | 0 | 4 |
_a028.5 _bA329l |
| 100 | 1 |
_aAlbergaria, Lino de, _d1950- _91039 |
|
| 245 | 1 | 0 |
_aLia e a sexta série / _cLino de Albergaria ; ilustrações de Marco Aragão. - |
| 250 | _a3. ed. - | ||
| 260 |
_aSão Paulo : _bSaraiva, _c2003. |
||
| 300 |
_a93p. : _bil. ; |
||
| 520 | _aAs aulas vão começar e Lia tem um desafio pela frente: a sexta série. Meninos e meninas não se estranham mais como cães e gatos e essa será uma grande mudança. Mudam também os professores (e agora?). Bem, a vida não pode ser sempre a mesma... Será uma época de muitas novidades e Lia está ansiosa para conhecê-las. Em casa ou na escola, ela vai, de maneira divertida, viver e aprender muita coisa | ||
| 650 |
_aLiteratura Brasileira _9205 |
||
| 650 | 0 |
_aInfantojuvenil _9200 |
|
| 650 | 0 |
_aAmizade e Solidariedade _9816 |
|
| 655 | 0 |
_aRomance _923 |
|
| 655 | 0 |
_aNão Ficção _9102 |
|
| 700 | 1 |
_aAragão, Marco, _d1959- _91044 |
|
| 830 | 0 |
_aJabuti _pVida |
|
| 942 |
_2ddc _n0 _cBK |
||
| 999 |
_c486 _d486 |
||